British Logo Quiz! #1 - Statistics

General Stats
  • This quiz has been taken 193 times
  • The average score is 19 of 24
Answer Stats
Picture Answer % Correct
Shell
99%
Harry Potter
94%
Jaguar
94%
BBC
93%
Dove
93%
KitKat
91%
Lipton
89%
BP
86%
Virgin
84%
Triumph
83%
Rolling Stones
81%
Rolls Royce
81%
Mini
79%
Cadbury
78%
The Beatles
78%
Vodafone
75%
Easyjet
72%
Guinness
72%
Tesco
71%
British Airways
70%
Unilever
69%
BT
64%
ITV
62%
Castrol
54%
No matching quizzes found
Score Distribution
Percent of People with Each Score
Percentile by Number Answered
Your Score History
You have not taken this quiz